=LDR 00000nam 2200000 4500 =001 INLIS000000000049074 =005 20200207102044 =035 ##$$a 0010-011700000000355 =008 200207################g##########0#ind## =020 ##$$a 979-731-577-0 =082 ##$$a 005.3 =090 ##$$a 0005.3 Pen p2 =245 ##$$a Penuntun praktis membuat prersentasi dengan microsoft powerpoint XP /$c Tim =260 ##$$a Yogyakarta :$b Andi,$c 2003 =300 ##$$a xii, 196 hlm : $b Ilus ; $c 23 x 16 cm. =084 ##$$a 005.3 Pen p =650 #4$$a Aplikasi Komputer - Mcrosoft Powerpoint XP =990 ##$$a 00091961 =990 ##$$a 00091961